Statistics for Movie Groups-Name the Members

Click here to take the quiz!

General Stats

  • This quiz has been taken 23 times
  • The average score is 13 of 49

Answer Stats

Hint Answer % Correct
Iron Man
80%
Thor
80%
Avengers (The Avengers)Captain America
75%
Hulk
75%
Black Widow
65%
Ron
55%
Hawkeye
50%
Emotions (Inside Out)Anger
45%
Sadness
40%
Chunk
35%
Fear
35%
Joy
35%
Bender
35%
Mike
35%
Ponyboy
30%
Mouth
30%
Goonies* (The Goonies)Data
30%
Losers Club (It)Ben
25%
Bill
25%
Average Joes (Dodgeball)Peter
25%
Steve
25%
Mikey
25%
Johnny
20%
Sodapop
20%
Disgust
20%
Champ
20%
Brick
20%
Richie
20%
Stu
15%
Claire
10%
Wolf Pack (The Hangover)Alan
10%
Stan
10%
Doug
10%
Eddie
10%
Beverly
10%
| Channel 4 News Team (Anchorman)Brian
10%
Greasers (The Outsiders)Dally
10%
Two-Bit
10%
Phil
5%
Andrew
5%
Darry
5%
Kate
5%
Justin
5%
Gordon
5%
Dwight
5%
Breakfast Club (The Breakfast Club)Allison
0%
Owen
0%

Score Distribution

Percentile by Number Answered

Percent of People with Each Score

Your Score History

You have not taken this quiz